000 00643nam a22002057a 4500
010 _aA-700915
020 _a8170246059(Set)
035 _aA-700915
037 _bCen Lib / Ret
040 _aDPL
_bEN
082 _a581.6
_bGHO
100 _aGhosh, G. K.
245 _aEnvironment and development :
_bvirtues of India's vegetations /
_cby G. K. Ghosh
260 _aNew Delhi
_bAshish Publishing House
_c1994
270 _a8/81, Punjabi Bagh
_bNew Delhi
_e110026
300 _a(v 1. viii, 322 ; v 2. 613p)
_b24cm(Hb)
650 _aPlants, Useful -- India.
650 _aBotany -- India.
942 _2ddc
_cEN
_h581.6
_mGHO
999 _c136507
_d136507